| 000 | 01076nam a2200265Ia 4500 | ||
|---|---|---|---|
| 003 | OSt | ||
| 005 | 20220923211407.0 | ||
| 006 | a|||||r|||| 00| 0 | ||
| 007 | ta | ||
| 008 | 220922b |||||||| |||| 00| 0 hin d | ||
| 020 |
_a9788189982362 _c325 |
||
| 024 | _a263,975 | ||
| 037 |
_b144, 30/08/2012, Eastern Book Linkers _cTextual |
||
| 040 |
_aARTS _cARTS _bhin |
||
| 041 |
_2hin _ahin |
||
| 082 | _aP152:795, Q1 | ||
| 100 | _aपालीवाल, रीतारानी | ||
| 245 | 0 |
_aअनुवाद और भाड्ढिक संस्कृति _b हिन्दी के प्रयोजनपरक संदर्भ |
|
| 246 | _aAnuvād aur bhāḍḍhik sanskṛuti: hindī ke prayojanaparak sandarbha | ||
| 260 |
_aदिल्ली _b आर्य प्रकाशन मंडल _c2011 |
||
| 300 |
_a220पृ. _ccm. |
||
| 650 | _aहिन्दी भाषा | ||
| 942 |
_hP152:795, Q1 _cTEXL _2CC |
||
| 999 |
_c299061 _d299061 |
||